000 04385cam a2200337 a 4500
003 EG-GiCUC
005 20250223032159.0
008 190203s2018 ua kbf f m 000 0 ara d
040 _aEG-GiCUC
_bara
_cEG-GiCUC
041 0 _aara
049 _aايداع
097 _aماجستير
099 _aCai01.14.01.M.Sc.2018.سا.أ
100 0 _aسامية حسن عثمان حسن
245 1 0 _aأشغال الخشب فى عمائر بخارى فى عصر الشيبانيين خلال القرنين 10ـ11هـ/16ـ17م/
_cسامية حسن عثمان حسن ؛ إشراف أحمد رجب محمد على : شادية الدسوقى عبدالعزيز كشك
246 1 5 _aThe wooden works in bukhara buildings in 10-11 A.H 16 -17 B.C
260 _aالقاهرة :
_bسامية حسن عثمان حسن :
_c2018
300 _a681 ص :
_bأشكال : خرائط : لوحات ؛
_c30سم
502 _aاطروحة (ماجستير) - جامعة القاهرة - كلية الآثار - قسم الأثار الإسلامية
520 _aو قد قسمت الدراسة إلى مقدمة و تمهيد و بابين و خاتمة: على النحو التالى. مقدمة: و تتضمن أهمية الموضوع و أسباب اختياره و صعوبات البحث و الدراسات السابقة و المنهج المتبع فى الدراسة. تمهيد: و يتضمن دراسة مختصرة عن مدينة بخارى من الناحية الجغرافية و التاريخية و الحضارية فى فترة الدراسة: كما تضمن التمهيد جزءا عن تاريخ صناعة الأخشاب فى بخارى. الباب الأول: و يتضمن دراسة وصفية و توثيقا للأشغال الخشبية محل الدراسة: و ينقسم إلى سبعة فصول بحسب الترتيب الزمنى لتلك الأشغال. الباب الثانى: و يتضمن الدراسة التحليلية للعناصر الزخرفية و المواد الخام: و الأساليب الصناعية و الزخرفية و التأثيرات المختلفة على الأشغال الخشبية فى بخارى فى الفترة موضع الدراسة: و عوامل انتقال تلك التأثيرات: و ينقسم ذلك الباب إلى أربعة فصول هى: الفصل الأول: و يتضمن دراسة المادة الخام و المراكز الصناعية و أنواع الأخشاب الصناعية فى بخارى و العوامل المؤثرة على أشغال الخشب فى بخارى. الفصل الثانى: و يتضمن دراسة يتضمن التأثيرات الفنية المختلفة سواء كانت تأثيرات محلية أو أجنبية (صينية - إيرانية - تركية): و كيف ساعدت العوامل الاقتصادية و السياسية و الموقع الجغرافى و الموروث الفنى على انتقال تلك التأثيرات إلى الأشغال الخشبية فى الفترة موضع الدراسة. الفصل الثالث: و يتضمن دراسة العناصر الزخرفية (الزخارف النباتية - الأشغال الهندسية - النقوش الكتابية): و التى ظهرت على التحف الخشبية موضوع الدراسة: و تتبعها والتطور الذى طرأ على أشكالها و ملائمتها للتحف الخشبية موضوع الدراسة المنفذة عليها شكلا و مضمونا: مصحوبا بأشكال توضيحية لتلك الزخارف. الفصل الرابع: و يتضمن دراسة مقارنة بين الأشغال الخشبية موضوع الدراسة و الأشغال الخشبية المعاصرة لها: و قد اختتمت الدراسة بالخاتمة: ثم فهرس الأشكال و اللوحات: ثم قائمة المصادر و المراجع: و أخيرا كتالوج اللوحات
530 _aصدر ايضا كقرص مدمج
653 4 _aآسيا الوسطى
653 4 _aأبواب
653 4 _aالأشتراخانيين
700 0 _aأحمد رجب محمد على :
_eمشرف
700 0 _aشادية الدسوقى عبدالعزيز كشك :
_eمشرف
856 _uhttp://172.23.153.220/th.pdf
905 _aNazla
_eRevisor
905 _aSamia
_eCataloger
942 _2ddc
_cTH
999 _c69940
_d69940